000
00305nam a2200121Ia 4500
005
20251222143304.0
008
251222s9999||||xx |||||||||||||| ||spa||
082
_a
730.944/S42
100
_a
Serra, Joselita
245
0
_a
La Escultura Gótica en Francia y en Alemania
264
_b
Viscontea
942
_c
LIB
999
_c
15453
_d
15453